Visualizzazione normale
Vista MARC
- Cale John J.
di Personal Name
Records bibliografici associati: 1
001 - CONTROL NUMBER
- control field: 1508
003 - CONTROL NUMBER IDENTIFIER
- control field: IT-RoPau
005 - DATE AND TIME OF LATEST TRANSACTION
- control field: 20131109102855.0
008 - FIXED-LENGTH DATA ELEMENTS
- fixed length control field: 131109|| aca||aabn | a|a d
040 ## - CATALOGING SOURCE
- Original cataloging agency: IT-RoPau
- Transcribing agency: IT-RoPau
100 ## - HEADING--PERSONAL NAME
- Personal name: Cale John J.
670 ## - SOURCE DATA FOUND
- Source citation: Work cat.: (IT-RoPau)100327: Cale John J., Music For A New Society (Lp Ilps 17019)